00985nam a2200193 u 450000100100000000500170001000800410002704000250006824500870009324600280018025000310020826000320023930000280027150400190029950002940031870000570061295201050066999900170077400002025120200929170331.0100802s1986 pn a 000 0 spa d aDO-SdBNPbspacBNPHU00aDoce mil minibiografias. /cdirección general María Eloisa Álvarez del Real.12a12,000 minibiografías a2a. ed. rev. y actualizada aPanamá :bAmerica,c1986. a800 p. :bil. ;c20 cm. aBibliografía aUn libro útil para estudiantes, estudiosos y para todo el que necesite una guía rápida sobre las grandes figuras de ayer y de hoy. Contiene secciones sobre la literatura universal, sus obras maestras, sus géneros y movimientos principales, así como sus términos especializados.1 aÁlvarez del Real, María Eloisaedir. gen.942868 001050718MOaPDbPDcHDd2015-06-29iLF1l0o p20251-10r2020-06-25w2020-06-25y1ZNo se presta c19756d19756